| Tag |
First Indicator |
Second Indicator |
Subfields |
| LEADER |
00000cam a2200000 i 4500 |
| 001 |
in00000044869 |
| 005 |
20151007065116.0 |
| 008 |
790220s1948 ksua b 00000 eng d |
| 010 |
|
|
|a gs 49000119
|
| 035 |
|
|
|a (OCoLC)04672691
|
| 035 |
|
|
|9 AAE1301AM
|
| 040 |
|
|
|a WAY
|c WAY
|d TXA
|d UtOrBLW
|
| 049 |
|
|
|a TXAM
|
| 050 |
|
0 |
|a QE445
|b .K3
|
| 092 |
|
|
|a 552
|b K16r
|
| 110 |
2 |
|
|a Kansas Geological Survey.
|
| 245 |
1 |
0 |
|a Kansas rocks and minerals /
|c [by] Laura Lu Tolsted [and] Ada Swineford.
|
| 264 |
|
1 |
|a Lawrence,
|b [publisher not identified] ;
|c [1948]
|
| 300 |
|
|
|a 54 pages :
|b illustrations ;
|c 22 cm.
|
| 336 |
|
|
|a text
|b txt
|2 rdacontent
|
| 337 |
|
|
|a unmediated
|b n
|2 rdamedia
|
| 338 |
|
|
|a volume
|b nc
|2 rdacarrier
|
| 650 |
|
0 |
|a Petrology
|z Kansas.
|
| 650 |
|
0 |
|a Mineralogy
|z Kansas.
|
| 700 |
1 |
|
|a Tolsted, Laura Lu.
|
| 700 |
1 |
|
|a Swineford, Ada.
|
| 999 |
|
|
|a MARS
|
| 999 |
f |
f |
|s 95eac5a3-eee7-3e5c-8ee0-043cba87be7f
|i 066ad519-9bc8-3530-9a65-6fde565f215e
|t 0
|
| 952 |
f |
f |
|p ric
|a Texas A&M University
|b Rellis Campus
|c Joint Library Facility
|d Remote Storage
|t 0
|e QE445 .K3
|h Library of Congress classification
|i unmediated -- volume
|m A14800957042
|
| 998 |
f |
f |
|a QE445 .K3
|t 0
|l Remote Storage
|